[Event "LEM M-V 2022"]
[Site "Neubrandenburg, Germany"]
[Date "2022.04.11"]
[Round "6.2"]
[White "Schulz, Karsten"]
[Black "Fromm, Marius"]
[Result "1/2-1/2"]
[WhiteElo "2301"]
[BlackElo "2341"]
[PlyCount "24"]
[EventDate "2022.04.09"]

1. c4 c5 2. g3 Nc6 3. Bg2 g6 4. Nc3 Bg7 5. e3 e5 6. Nge2 Nge7 7. d3 O-O 8. O-O
d6 9. b3 Rb8 10. Bb2 a6 11. Qd2 b5 12. Nd5 Be6 1/2-1/2

[Event "LEM M-V 2022"]
[Site "Neubrandenburg, Germany"]
[Date "2022.04.11"]
[Round "6.3"]
[White "Schreiber, Kevin"]
[Black "Grossmann, Piet"]
[Result "1/2-1/2"]
[WhiteElo "2017"]
[BlackElo "1971"]
[PlyCount "41"]
[EventDate "2022.04.09"]

1. d4 e6 2. Bf4 Nf6 3. e3 d5 4. Nd2 Bd6 5. Bg3 O-O 6. Bd3 c5 7. c3 Nc6 8. Ngf3
Qe7 9. Ne5 Nd7 10. Nxd7 Qxd7 11. Bxd6 Qxd6 12. dxc5 Qxc5 13. Bxh7+ Kxh7 14.
Qh5+ Kg8 15. Ne4 g6 16. Qg5 Qe7 17. Nf6+ Kg7 18. Nh5+ Kh7 19. Nf6+ Kg7 20. Nh5+
Kh7 21. Nf6+ 1/2-1/2

[Event "LEM M-V 2022"]
[Site "Neubrandenburg, Germany"]
[Date "2022.04.11"]
[Round "6.4"]
[White "Schreiber, Felix"]
[Black "Luther, Alexander"]
[Result "1/2-1/2"]
[WhiteElo "1984"]
[BlackElo "2077"]
[PlyCount "44"]
[EventDate "2022.04.09"]

1. d4 d5 2. Bf4 Nf6 3. e3 e6 4. Nf3 Bd6 5. Nbd2 b6 6. c3 O-O 7. Ne5 c5 8. Qf3
Qc7 9. Qh3 Ba6 10. Bxa6 Nxa6 11. O-O Nb8 12. Ndf3 Nc6 13. Nxc6 Qxc6 14. Rfd1
Rac8 15. dxc5 Bxf4 16. exf4 Qxc5 17. Rd4 Qb5 18. Rb4 Qd3 19. Ng5 Qxh3 20. Nxh3
Ne4 21. a4 Rc5 22. f3 Nd6 1/2-1/2

[Event "LEM M-V 2022"]
[Site "Neubrandenburg, Germany"]
[Date "2022.04.11"]
[Round "6.5"]
[White "Gebert-Vangeel, Ralf"]
[Black "Helms, Sven"]
[Result "1/2-1/2"]
[WhiteElo "2061"]
[BlackElo "1933"]
[PlyCount "73"]
[EventDate "2022.04.09"]

1. e4 d5 2. exd5 Nf6 3. Nf3 Nxd5 4. d4 g6 5. Be2 Bg7 6. O-O O-O 7. c3 c6 8. Re1
Bg4 9. Ne5 Bxe2 10. Qxe2 e6 11. Na3 Nd7 12. Nac4 Qc7 13. a4 a5 14. h4 N7b6 15.
Nxb6 Nxb6 16. h5 Nd5 17. c4 Nb4 18. Bf4 Qe7 19. hxg6 hxg6 20. Ra3 Qh4 21. g3
Qe7 22. Kg2 Rfd8 23. Rd1 c5 24. d5 exd5 25. Re3 d4 26. Nxg6 Qf6 27. Ne7+ Kf8
28. Be5 Qh6 29. Bxg7+ Qxg7 30. Nf5 Qf6 31. Re5 Re8 32. Rxe8+ Rxe8 33. Qg4 Re5
34. Nh4 d3 35. Qc8+ Kg7 36. Qg4+ Kf8 37. Qc8+ 1/2-1/2

[Event "LEM M-V 2022"]
[Site "Neubrandenburg, Germany"]
[Date "2022.04.11"]
[Round "6.6"]
[White "Onasch, Gunnar"]
[Black "Patzenhauer, Max"]
[Result "1/2-1/2"]
[WhiteElo "1822"]
[BlackElo "1938"]
[PlyCount "33"]
[EventDate "2022.04.09"]

1. d4 g6 2. c4 Bg7 3. Nc3 d6 4. e4 Nc6 5. Be3 Nf6 6. f3 O-O 7. Nge2 e5 8. d5
Ne7 9. g4 Ne8 10. g5 f5 11. Qd2 f4 12. Bf2 h5 13. h4 c6 14. Bh3 Qa5 15. Bxc8
Rxc8 16. O-O c5 17. Rfb1 1/2-1/2

[Event "LEM M-V 2022"]
[Site "Neubrandenburg, Germany"]
[Date "2022.04.11"]
[Round "6.8"]
[White "Wolter, Günter"]
[Black "Tovmasyan, Minas"]
[Result "0-1"]
[WhiteElo "1819"]
[BlackElo "1846"]
[PlyCount "130"]
[EventDate "2022.04.09"]

1. e4 c5 2. Nc3 e6 3. g3 Nc6 4. Bg2 g6 5. d3 Bg7 6. f4 Nge7 7. Nf3 d6 8. O-O
Rb8 9. Be3 O-O 10. Rb1 b5 11. Ne2 Qa5 12. a3 Bd7 13. c3 b4 14. axb4 cxb4 15.
Ra1 Qc7 16. d4 bxc3 17. bxc3 Na5 18. e5 d5 19. Bc1 Nc4 20. Ne1 Nf5 21. Nc2 h5
22. Bh3 Nh6 23. Ne3 Nxe3 24. Bxe3 Rfc8 25. Qd2 Bb5 26. Rfc1 Bf8 27. f5 Nxf5 28.
Bxf5 exf5 29. Nf4 Bc4 30. Nh3 a6 31. Bh6 Bg7 32. Bg5 Rb3 33. Bf4 Qb6 34. Ng5
Rb2 35. Rc2 Rb3 36. Re1 Rc6 37. Qe3 Rb1 38. Rxb1 Qxb1+ 39. Rc1 Qd3 40. Re1
Qxe3+ 41. Rxe3 Bh6 42. e6 fxe6 43. Nxe6 Bxf4 44. gxf4 Rb6 45. Kf2 a5 46. Nc5
Kf7 47. Kg3 Rb2 48. h3 Re2 49. Kf3 Rxe3+ 50. Kxe3 Bb5 51. h4 a4 52. Kd2 a3 53.
Kc2 Bc4 54. Nb3 Bxb3+ 55. Kxb3 g5 56. fxg5 f4 57. Kxa3 f3 58. Kb4 f2 59. Kc5
f1=Q 60. Kxd5 Qf3+ 61. Kc4 Qg4 62. Kc5 Qxh4 63. d5 Qxg5 64. Kc6 Qf6+ 65. d6
Qxc3+ 0-1

[Event "LEM M-V 2022 Open"]
[Site "Neubrandenburg, Germany"]
[Date "2022.04.11"]
[Round "6.1"]
[White "Herrmann, Jakob"]
[Black "Kunow, Frank"]
[Result "1/2-1/2"]
[WhiteElo "1612"]
[BlackElo "1907"]
[PlyCount "57"]
[EventDate "2022.04.09"]

1. e4 d5 2. exd5 Nf6 3. d4 Bg4 4. Nf3 Qxd5 5. Be2 Nc6 6. h3 Bh5 7. c4 Qd6 8. d5
Ne5 9. b3 Nxf3+ 10. gxf3 Qe5 11. Qc2 Bxf3 12. Bb2 Qxe2+ 13. Qxe2 Bxe2 14. Kxe2
e6 15. dxe6 fxe6 16. Rg1 Kf7 17. Nd2 h6 18. Nf3 Bd6 19. Rad1 Rhg8 20. Ne5+ Bxe5
21. Bxe5 Rac8 22. Bxf6 Kxf6 23. Rd7 g5 24. Rgd1 Rg7 25. Rxg7 Kxg7 26. Rd7+ Kg6
27. Re7 Kf6 28. Rh7 Kg6 29. Re7 1/2-1/2

[Event "LEM M-V 2022 Open"]
[Site "Neubrandenburg, Germany"]
[Date "2022.04.11"]
[Round "6.2"]
[White "Kunze, Kerstin"]
[Black "Schulz, Gerhard"]
[Result "1-0"]
[WhiteElo "2056"]
[BlackElo "1844"]
[PlyCount "39"]
[EventDate "2022.04.09"]

1. c4 e6 2. Nc3 d5 3. d4 Nf6 4. Nf3 Be7 5. e3 O-O 6. Bd3 Nbd7 7. O-O c6 8. b3
Re8 9. Bb2 Bd6 10. e4 dxe4 11. Nxe4 Nxe4 12. Bxe4 Nf6 13. Bc2 b6 14. Qd3 h6 15.
Rfe1 c5 16. d5 Be7 17. Rad1 Bd6 18. dxe6 Bc7 19. exf7+ Kxf7 20. Qg6+ 1-0

[Event "LEM M-V 2022 Open"]
[Site "Neubrandenburg, Germany"]
[Date "2022.04.11"]
[Round "6.3"]
[White "Winkler, Karl"]
[Black "Hopp, Peter"]
[Result "1-0"]
[WhiteElo "1922"]
[BlackElo "1841"]
[PlyCount "109"]
[EventDate "2022.04.09"]

1. e4 d5 2. exd5 Qxd5 3. Nc3 Qa5 4. d4 c6 5. Bc4 Bf5 6. Qh5 g6 7. Qe2 Nf6 8.
Bd2 Qc7 9. O-O-O Nbd7 10. h3 h5 11. Nf3 e6 12. Ne5 h4 13. Bg5 Bh6 14. Bxh6 Rxh6
15. Rhe1 Nxe5 16. dxe5 Nd5 17. Ne4 Bxe4 18. Qxe4 O-O-O 19. Bxd5 Rxd5 20. Rxd5
cxd5 21. Qf4 Rh7 22. Re3 Kb8 23. Rf3 Qd7 24. Qb4 Rh8 25. Rd3 Qc7 26. Qc3 Qe7
27. Qd2 Rh5 28. f4 Qc5 29. Rd4 a6 30. Qb4 Qxb4 31. Rxb4 Rh8 32. Kd2 b5 33. a4
Kc7 34. axb5 axb5 35. Rxb5 Ra8 36. Rb3 Ra1 37. Ke2 Rg1 38. Kf2 Rc1 39. Rc3+ Kb7
40. g3 hxg3+ 41. Kxg3 Rg1+ 42. Kh4 Rg2 43. Rc5 Kb8 44. b3 Kb7 45. b4 Rg1 46. b5
Rg2 47. Rc6 Rg1 48. c4 dxc4 49. Rxc4 Rd1 50. Rc6 Rd7 51. Rd6 Re7 52. Kg5 Kc8
53. b6 Rb7 54. Kf6 Kb8 55. Rd8# 1-0

[Event "LEM M-V 2022 Open"]
[Site "Neubrandenburg, Germany"]
[Date "2022.04.11"]
[Round "6.4"]
[White "Subocz, Gabriel"]
[Black "Wesener, Lorenz"]
[Result "1/2-1/2"]
[WhiteElo "1102"]
[BlackElo "1774"]
[PlyCount "80"]
[EventDate "2022.04.09"]

1. e4 c5 2. Nf3 a6 3. c3 e6 4. d4 d5 5. exd5 exd5 6. Be2 Nf6 7. O-O Bd6 8. Bg5
Be6 9. Nbd2 h6 10. Bh4 Nbd7 11. Qc2 c4 12. Rfe1 O-O 13. b3 b5 14. Bf1 Qc7 15.
Bg3 Rac8 16. b4 Bxg3 17. fxg3 Rfe8 18. Ne5 Ng4 19. Nxg4 Bxg4 20. Nf3 Bh5 21.
Be2 Re7 22. Bf1 Rce8 23. Rxe7 Rxe7 24. Re1 Rxe1 25. Nxe1 Nf6 26. Nf3 Ne4 27.
Nd2 Bg6 28. Nxe4 Bxe4 29. Qf2 a5 30. a3 axb4 31. axb4 Qa7 32. Qd2 Qa1 33. Kf2
f6 34. h3 Kf7 35. Be2 g5 36. Bf3 Qb1 37. g4 Ke6 38. Qe3 f5 39. gxf5+ Kxf5 40.
Bxe4+ dxe4 1/2-1/2

[Event "LEM M-V 2022 Open"]
[Site "Neubrandenburg, Germany"]
[Date "2022.04.11"]
[Round "6.5"]
[White "Röste, Hugo"]
[Black "Ederle, Artöm"]
[Result "1-0"]
[WhiteElo "1597"]
[BlackElo "1547"]
[PlyCount "77"]
[EventDate "2022.04.09"]

1. d4 Nf6 2. c4 c5 3. d5 e6 4. Nc3 exd5 5. cxd5 d6 6. e4 g6 7. Bg5 Bg7 8. Bd3
O-O 9. f4 Re8 10. Nf3 Bg4 11. O-O a6 12. a4 Qc7 13. h3 Bxf3 14. Qxf3 Nbd7 15.
Bc2 h6 16. Bh4 c4 17. Kh1 Rab8 18. a5 Nc5 19. Bf2 Nfd7 20. Rfe1 b5 21. axb6
Rxb6 22. Na4 Rb5 23. Nxc5 Nxc5 24. Bxc5 Rxc5 25. Rxa6 Bxb2 26. Rb1 c3 27. f5 g5
28. Qg3 Re5 29. h4 f6 30. hxg5 hxg5 31. Ra8+ Kg7 32. Qh3 Qc8 33. Rxc8 Rxc8 34.
Qe3 Rce8 35. g4 R5e7 36. Qb6 Ba3 37. Rb3 Bc5 38. Qc6 Ra7 39. Qxe8 1-0

[Event "LEM M-V 2022 Open"]
[Site "Neubrandenburg, Germany"]
[Date "2022.04.11"]
[Round "6.6"]
[White "Birkholz, Karl Lukas"]
[Black "Marzisch, Darius"]
[Result "1/2-1/2"]
[WhiteElo "1616"]
[BlackElo "1615"]
[PlyCount "44"]
[EventDate "2022.04.09"]

1. e4 e6 2. d4 b6 3. Nc3 Bb7 4. Bd3 d5 5. Nf3 Nf6 6. e5 Ne4 7. Ne2 c5 8. c3
cxd4 9. cxd4 Bb4+ 10. Bd2 Nxd2 11. Nxd2 O-O 12. a3 Be7 13. O-O Ba6 14. Bxa6
Nxa6 15. f4 b5 16. Rf3 b4 17. a4 Rc8 18. Rh3 Qc7 19. Rc1 Qb7 20. b3 Rxc1 21.
Nxc1 Qc7 22. Nf3 Rc8 1/2-1/2

[Event "LEM M-V 2022 Open"]
[Site "Neubrandenburg, Germany"]
[Date "2022.04.11"]
[Round "6.7"]
[White "Betke, Arno"]
[Black "Marzisch, Jens"]
[Result "1/2-1/2"]
[WhiteElo "1753"]
[BlackElo "1563"]
[PlyCount "50"]
[EventDate "2022.04.09"]

1. d4 Nf6 2. Nf3 g6 3. b3 d5 4. e3 Bg7 5. Nbd2 O-O 6. Be2 Nbd7 7. Bb2 Ng4 8. h3
Nh6 9. c4 c6 10. O-O Re8 11. cxd5 cxd5 12. Rc1 a6 13. Qc2 Nb8 14. Ne5 Bxe5 15.
dxe5 Nc6 16. a3 Bd7 17. Qd1 e6 18. Nf3 Rc8 19. Qd2 Nf5 20. g4 Ng7 21. Kg2 Na7
22. Rxc8 Qxc8 23. Rc1 Qb8 24. Bd4 Nc6 25. b4 Rc8 1/2-1/2

[Event "LEM M-V 2022 Open"]
[Site "Neubrandenburg, Germany"]
[Date "2022.04.11"]
[Round "6.8"]
[White "Ehrich, Dieter"]
[Black "Bartel, Jethro Aldrich"]
[Result "1-0"]
[WhiteElo "1583"]
[BlackElo "1592"]
[PlyCount "87"]
[EventDate "2022.04.09"]

1. Nf3 g6 2. g3 Bg7 3. Bg2 c5 4. c4 Nc6 5. Nc3 e5 6. e4 Nge7 7. O-O O-O 8. d3
d6 9. Be3 Rb8 10. Rb1 a6 11. a3 h6 12. h3 Be6 13. Qd2 Kh7 14. Nd5 b5 15. b4 Nd4
16. Kh2 Qd7 17. Nxd4 Bxd5 18. Nf3 Bc6 19. bxc5 bxc4 20. dxc4 Bxe4 21. Rxb8 Rxb8
22. Qxd6 Qb7 23. Ng5+ hxg5 24. Bxe4 Qxe4 25. Qxb8 g4 26. Qb1 Qxc4 27. Rc1 Qa4
28. Qb4 Qc6 29. Qxg4 Nf5 30. Rc4 Kg8 31. Qe4 Qc8 32. Ra4 Nd4 33. Rxd4 exd4 34.
Bxd4 a5 35. Bxg7 Kxg7 36. Qe5+ Kg8 37. Qd5 Qc7 38. Qd6 Qxd6 39. cxd6 Kf8 40.
Kg2 Ke8 41. Kf3 Kd7 42. Ke4 Kxd6 43. Kd4 f5 44. a4 1-0

[Event "LEM M-V 2022 Open"]
[Site "Neubrandenburg, Germany"]
[Date "2022.04.11"]
[Round "6.10"]
[White "Moritz, Egon"]
[Black "Wesner, Andy"]
[Result "1-0"]
[WhiteElo "1650"]
[BlackElo "1419"]
[PlyCount "99"]
[EventDate "2022.04.09"]

1. d4 d5 2. c4 e5 3. dxe5 d4 4. Nf3 Nc6 5. g3 Be6 6. b3 Qd7 7. e3 Bc5 8. e4
Nge7 9. a3 a5 10. Bd3 Bh3 11. Ng5 Nxe5 12. Nxh3 Qxh3 13. Bf1 Qe6 14. Bg2 O-O
15. O-O Qf6 16. Bf4 N7g6 17. Bxe5 Nxe5 18. Nd2 Rfe8 19. Kh1 c6 20. f4 Nd7 21.
e5 Qe7 22. Nf3 Bxa3 23. Nxd4 Bb2 24. Ra2 Bxd4 25. Qxd4 Red8 26. Qc3 f6 27. exf6
Nxf6 28. Rxa5 Rxa5 29. Qxa5 Re8 30. h3 Qd7 31. Re1 Rxe1+ 32. Qxe1 Qd3 33. Qe6+
Kf8 34. Qc8+ Ne8 35. Qxb7 Qxg3 36. Qxc6 Qxf4 37. Qf3 Qf6 38. Qxf6+ Nxf6 39. Kg1
Ke7 40. Kf2 Kd6 41. b4 Nd7 42. Ke3 h5 43. Kf4 g6 44. Be4 Nf8 45. c5+ Kc7 46.
Kg5 Ne6+ 47. Kf6 Nf8 48. Bxg6 h4 49. Bf5 Kc6 50. Kf7 1-0

[Event "LEM M-V 2022"]
[Site "Neubrandenburg, Germany"]
[Date "2022.04.12"]
[Round "7.1"]
[White "Westphal, Wolfgang"]
[Black "Gebert-Vangeel, Ralf"]
[Result "1-0"]
[WhiteElo "2145"]
[BlackElo "2061"]
[PlyCount "51"]
[EventDate "2022.04.09"]

1. Nc3 e5 2. Nf3 Nc6 3. d4 exd4 4. Nxd4 Bc5 5. Be3 Bxd4 6. Bxd4 Nxd4 7. Qxd4
Qf6 8. Qe3+ Qe6 9. Qg3 Nf6 10. O-O-O O-O 11. Qxc7 d5 12. Qc5 b6 13. Qd4 Bb7 14.
e3 Rac8 15. Bd3 Rfd8 16. Ne2 Qe7 17. Qh4 Qc5 18. Nd4 Rd6 19. Rd2 g6 20. Rhd1
Re8 21. Qg5 Bc8 22. h3 Kg7 23. g4 h6 24. Qf4 Nd7 25. Nb3 Qc6 26. Bb5 1-0

[Event "LEM M-V 2022"]
[Site "Neubrandenburg, Germany"]
[Date "2022.04.12"]
[Round "7.2"]
[White "Fromm, Marius"]
[Black "Schreiber, Kevin"]
[Result "1/2-1/2"]
[WhiteElo "2341"]
[BlackElo "2017"]
[PlyCount "84"]
[EventDate "2022.04.09"]

1. e4 d5 2. exd5 Qxd5 3. Nc3 Qa5 4. d4 Nf6 5. Nf3 Nc6 6. Bb5 Ne4 7. Rb1 a6 8.
Bxc6+ bxc6 9. O-O Nxc3 10. bxc3 Bg4 11. Qd3 e6 12. Ne5 Bf5 13. Qc4 Qd5 14. Qa4
Bd6 15. c4 Qe4 16. Nxc6 O-O 17. Be3 Qh4 18. Ne5 Bxe5 19. dxe5 Be4 20. f3 Bd5
21. Rfd1 Qxc4 22. Qxc4 Bxc4 23. a4 Rfd8 24. Rxd8+ Rxd8 25. Rb7 Rc8 26. Bc5 h6
27. h4 h5 28. Kf2 Kh7 29. Ke3 Kg6 30. Kf4 Bf1 31. g3 Be2 32. a5 f6 33. Ra7 Bb5
34. c3 Be2 35. Ke3 Bb5 36. Be7 Kf5 37. Kd4 c5+ 38. Ke3 Kxe5 39. g4 Kd5 40. gxh5
Rh8 41. Rc7 e5 42. Bxc5 Rxh5 1/2-1/2

[Event "LEM M-V 2022"]
[Site "Neubrandenburg, Germany"]
[Date "2022.04.12"]
[Round "7.3"]
[White "Luther, Alexander"]
[Black "Schulz, Karsten"]
[Result "0-1"]
[WhiteElo "2077"]
[BlackElo "2301"]
[PlyCount "36"]
[EventDate "2022.04.09"]

1. d4 d6 2. e4 Nf6 3. f3 e5 4. Ne2 exd4 5. Nxd4 Be7 6. Nc3 O-O 7. Be3 d5 8. e5
c5 9. exf6 Bxf6 10. Qd2 cxd4 11. Bxd4 Re8+ 12. Be2 Bxd4 13. Qxd4 Nc6 14. Qd2
Bf5 15. O-O Qb6+ 16. Kh1 d4 17. Nd5 Qd8 18. Nb4 Nxb4 0-1

[Event "LEM M-V 2022"]
[Site "Neubrandenburg, Germany"]
[Date "2022.04.12"]
[Round "7.4"]
[White "Helms, Sven"]
[Black "Röhl, Rainer"]
[Result "1/2-1/2"]
[WhiteElo "1933"]
[BlackElo "1970"]
[PlyCount "20"]
[EventDate "2022.04.09"]

1. d4 Nf6 2. Nf3 c6 3. c4 d5 4. e3 e6 5. Nc3 Bd6 6. Bd3 Nbd7 7. cxd5 exd5 8.
O-O O-O 9. h3 Re8 10. Qc2 Qe7 1/2-1/2

[Event "LEM M-V 2022"]
[Site "Neubrandenburg, Germany"]
[Date "2022.04.12"]
[Round "7.5"]
[White "Patzenhauer, Max"]
[Black "Schreiber, Felix"]
[Result "1/2-1/2"]
[WhiteElo "1938"]
[BlackElo "1984"]
[PlyCount "204"]
[EventDate "2022.04.09"]

1. d4 Nf6 2. Nf3 c5 3. e3 g6 4. Bd3 Bg7 5. b3 O-O 6. Bb2 cxd4 7. exd4 d5 8.
Nbd2 a6 9. O-O Nc6 10. a3 Nh5 11. Re1 Qb6 12. c3 Nf4 13. Bf1 Bg4 14. h3 Bf5 15.
Ne5 Nxe5 16. dxe5 Qc7 17. c4 dxc4 18. Bxc4 Rfd8 19. Qc1 Qd7 20. Nf3 Bh6 21. Qc3
e6 22. Nd4 Nd5 23. Qf3 b5 24. Bxd5 Qxd5 25. Qxd5 Rxd5 26. g4 Bd3 27. Rad1 Rxd4
28. Bxd4 Bc2 29. Ra1 Bxb3 30. Be3 Bf8 31. Rec1 a5 32. Rc3 a4 33. Bc5 Rd8 34.
Rac1 Bc4 35. Bxf8 Kxf8 36. Kg2 Rd5 37. Re3 Rd2 38. Kg3 g5 39. f3 Ke7 40. h4 h6
41. Rec3 Rd4 42. hxg5 hxg5 43. Rh1 Rd3 44. Rxd3 Bxd3 45. Rd1 Bc4 46. Rd4 Bd5
47. Kf2 f6 48. exf6+ Kxf6 49. Ke3 Bc4 50. Rd8 Bd5 51. Rb8 Bc4 52. Kd4 Be2 53.
Rc8 Bc4 54. Rc5 Be2 55. Rc3 Bc4 56. Re3 Bd5 57. Kc5 Bc4 58. Kd6 Bd5 59. Rc3 Bc4
60. Rc1 Bd5 61. Rc8 Kf7 62. Rc3 Kf6 63. Rc1 Bc4 64. Re1 Bd5 65. Kc5 Bc4 66. Kd4
Bd5 67. Rb1 Bc4 68. Rb2 Bf1 69. Rf2 Bc4 70. Rh2 Bd5 71. Ke3 Ke5 72. Rh6 Bc6 73.
Rg6 Kd5 74. Kd3 Ke5 75. Rxg5+ Kf4 76. Rc5 Bxf3 77. g5 Be4+ 78. Kd4 Bf5 79. Rxb5
Kxg5 80. Ra5 e5+ 81. Rxe5 Kf6 82. Ra5 Bc2 83. Kd5 Kf5 84. Ra7 Bb3+ 85. Kd4 Ke6
86. Ra5 Bc2 87. Re5+ Kd6 88. Ra5 Bb3 89. Ra6+ Ke7 90. Ke5 Kf7 91. Rc6 Bd1 92.
Kf5 Ke7 93. Ke5 Kf7 94. Rc1 Bb3 95. Kd6 Kf6 96. Rf1+ Kg5 97. Kc5 Kg4 98. Kb4
Kg5 99. Rf8 Kg6 100. Ra8 Kf7 101. Rxa4 Bxa4 102. Kxa4 Ke7 1/2-1/2

[Event "LEM M-V 2022"]
[Site "Neubrandenburg, Germany"]
[Date "2022.04.12"]
[Round "7.6"]
[White "Knoop, Sascha"]
[Black "Grossmann, Piet"]
[Result "1/2-1/2"]
[WhiteElo "1830"]
[BlackElo "1971"]
[PlyCount "51"]
[EventDate "2022.04.09"]

1. Nf3 e6 2. g3 Nf6 3. Bg2 Be7 4. O-O O-O 5. c4 d5 6. d4 dxc4 7. Ne5 Nc6 8.
Bxc6 bxc6 9. Nxc6 Qe8 10. Nxe7+ Qxe7 11. Na3 Rd8 12. Qc2 Rxd4 13. Be3 Rd8 14.
Qxc4 Nd5 15. Bc5 Qf6 16. Bd4 e5 17. Bc3 Be6 18. Qe4 Nxc3 19. bxc3 Bd5 20. Qe3
Qc6 21. c4 Bg2 22. Rfd1 Bh3 23. f3 e4 24. f4 h5 25. c5 Qa4 26. Rdc1 1/2-1/2

[Event "LEM M-V 2022"]
[Site "Neubrandenburg, Germany"]
[Date "2022.04.12"]
[Round "7.7"]
[White "Tovmasyan, Minas"]
[Black "Onasch, Gunnar"]
[Result "1-0"]
[WhiteElo "1846"]
[BlackElo "1822"]
[PlyCount "37"]
[EventDate "2022.04.09"]

1. d4 Nf6 2. c4 c5 3. d5 d6 4. Nf3 e6 5. h3 exd5 6. cxd5 b5 7. e4 a6 8. Bd3 g6
9. O-O Bg7 10. a4 c4 11. Bc2 Bb7 12. axb5 axb5 13. Rxa8 Bxa8 14. Na3 Qb6 15.
Nd4 b4 16. Nxc4 Qc5 17. Nb5 O-O 18. Ncxd6 Rd8 19. Be3 1-0

[Event "LEM M-V 2022"]
[Site "Neubrandenburg, Germany"]
[Date "2022.04.12"]
[Round "7.8"]
[White "Kriese, Ralf"]
[Black "Wolter, Günter"]
[Result "1/2-1/2"]
[WhiteElo "1700"]
[BlackElo "1819"]
[PlyCount "37"]
[EventDate "2022.04.09"]

1. d4 Nf6 2. Bf4 g6 3. Nf3 d6 4. c4 Bg7 5. e3 O-O 6. Nc3 e6 7. Be2 Nc6 8. O-O
b6 9. h3 Bb7 10. a3 a5 11. Qc2 Ne7 12. b4 Nd7 13. Ra2 axb4 14. axb4 Rxa2 15.
Nxa2 e5 16. dxe5 Bxf3 17. Bxf3 Nxe5 18. Bxe5 Bxe5 19. b5 1/2-1/2

[Event "LEM M-V 2022 Open"]
[Site "Neubrandenburg, Germany"]
[Date "2022.04.12"]
[Round "7.1"]
[White "Kunow, Frank"]
[Black "Kunze, Kerstin"]
[Result "1-0"]
[WhiteElo "1907"]
[BlackElo "2056"]
[PlyCount "95"]
[EventDate "2022.04.09"]

1. Nf3 Nf6 2. c4 g6 3. g3 Bg7 4. Bg2 O-O 5. O-O c6 6. d3 d5 7. Qc2 dxc4 8. Qxc4
Qd5 9. Qc2 e5 10. Nbd2 Nfd7 11. Nc4 Qe6 12. Ng5 Qe7 13. Ne4 Nb6 14. Be3 N8d7
15. Nxb6 axb6 16. Qb3 Ra6 17. Bg5 Nf6 18. d4 Bf5 19. dxe5 Qxe5 20. Bf4 Qe6 21.
Nd6 Qxb3 22. axb3 Rxa1 23. Rxa1 Be6 24. Nxb7 Bxb3 25. Bxc6 Bd5 26. Rc1 Bxc6 27.
Rxc6 Nd5 28. Bd6 Re8 29. e4 Ne7 30. Rc7 Nc8 31. Ba3 Bf6 32. f4 Bd4+ 33. Kf1 f6
34. Rd7 Be3 35. Rd3 Bc1 36. Rd1 Be3 37. Ke2 Bc5 38. Bxc5 bxc5 39. Nxc5 Nb6 40.
Kf3 Kf7 41. Ra1 Nc4 42. Ra7+ Kg8 43. Rb7 Rc8 44. Nd7 Rc6 45. e5 fxe5 46. Nxe5
Nd2+ 47. Ke2 Rd6 48. Rd7 1-0

[Event "LEM M-V 2022 Open"]
[Site "Neubrandenburg, Germany"]
[Date "2022.04.12"]
[Round "7.2"]
[White "Herrmann, Jakob"]
[Black "Röste, Hugo"]
[Result "1/2-1/2"]
[WhiteElo "1612"]
[BlackElo "1597"]
[PlyCount "92"]
[EventDate "2022.04.09"]

1. e4 c5 2. Ne2 e6 3. d4 cxd4 4. Nxd4 a6 5. Nc3 Qc7 6. g3 Nc6 7. Bg2 Nf6 8. O-O
Be7 9. Be3 O-O 10. Nxc6 bxc6 11. g4 d5 12. g5 Nd7 13. f4 Bc5 14. Bxc5 Nxc5 15.
Kh1 Bb7 16. Qd4 Nxe4 17. Nxe4 dxe4 18. Qxe4 Rab8 19. Qe2 c5 20. b3 Bxg2+ 21.
Kxg2 Qc6+ 22. Qf3 Qxf3+ 23. Kxf3 Rfd8 24. Rad1 Kf8 25. Ke4 f6 26. c3 Ke7 27. h4
h5 28. Rg1 Kf7 29. Ke3 f5 30. g6+ Ke7 31. Rxd8 Rxd8 32. Rg5 Rh8 33. Kd3 Kf6 34.
b4 cxb4 35. cxb4 Rd8+ 36. Ke3 Rb8 37. a3 a5 38. Rxh5 axb4 39. axb4 Kxg6 40.
Rg5+ Kf6 41. h5 Rxb4 42. Rg6+ Kf7 43. Rg5 Rb3+ 44. Kf2 Rh3 45. Kg2 Ra3 46. Kf2
Kf6 1/2-1/2

[Event "LEM M-V 2022 Open"]
[Site "Neubrandenburg, Germany"]
[Date "2022.04.12"]
[Round "7.3"]
[White "Schulz, Gerhard"]
[Black "Winkler, Karl"]
[Result "0-1"]
[WhiteElo "1844"]
[BlackElo "1922"]
[PlyCount "158"]
[EventDate "2022.04.09"]

1. d4 Nf6 2. Nf3 e6 3. e3 d5 4. Bd3 Be7 5. Nbd2 Nc6 6. c3 Bd7 7. O-O O-O 8. e4
dxe4 9. Nxe4 Nxe4 10. Bxe4 Bf6 11. Re1 g6 12. Bc2 Re8 13. Bf4 Rc8 14. Ne5 Nxe5
15. dxe5 Be7 16. Qe2 Bg5 17. Bg3 Bc6 18. Rad1 Qe7 19. f4 Bh4 20. Bxh4 Qxh4 21.
g3 Qe7 22. Be4 Qc5+ 23. Kg2 Rcd8 24. Bxc6 Qxc6+ 25. Kh3 Rd5 26. c4 Rd7 27. Rxd7
Qxd7 28. Rd1 Qc6 29. Qd3 Re7 30. Qd8+ Qe8 31. Qxe8+ Rxe8 32. Rd7 Rc8 33. Kg4 h6
34. Kf3 Kf8 35. Ke4 Ke8 36. Rd3 Ke7 37. g4 Rg8 38. Rb3 b6 39. c5 Kd7 40. cxb6
axb6 41. Rd3+ Ke7 42. a4 Ra8 43. b3 Ra5 44. f5 gxf5+ 45. gxf5 exf5+ 46. Kxf5 f6
47. Re3 Rd5 48. Kf4 Ke6 49. exf6+ Kxf6 50. Rh3 h5 51. Ke4 Ke6 52. Kf4 Kf6 53.
Re3 Rd4+ 54. Re4 Rd2 55. Kg3 Rd3+ 56. Kh4 Rxb3 57. Kxh5 c5 58. h4 Rb4 59. Re1
Rxa4 60. Rf1+ Kg7 61. Kg5 c4 62. Rd1 Ra5+ 63. Kg4 b5 64. Rd7+ Kf6 65. h5 c3 66.
Rd6+ Ke5 67. Rc6 Kd4 68. h6 Ra7 69. Kg5 Rh7 70. Kg6 Rxh6+ 71. Kxh6 b4 72. Rd6+
Kc5 73. Rd8 b3 74. Rc8+ Kb4 75. Kg5 b2 76. Kf4 Kb3 77. Ke3 b1=Q 78. Rb8+ Kc2
79. Rxb1 Kxb1 0-1

[Event "LEM M-V 2022 Open"]
[Site "Neubrandenburg, Germany"]
[Date "2022.04.12"]
[Round "7.4"]
[White "Wesener, Lorenz"]
[Black "Betke, Arno"]
[Result "1/2-1/2"]
[WhiteElo "1774"]
[BlackElo "1753"]
[PlyCount "50"]
[EventDate "2022.04.09"]

1. c4 c5 2. g3 g6 3. Bg2 Bg7 4. Nc3 Nc6 5. d3 e5 6. e4 Nge7 7. Nge2 O-O 8. O-O
d6 9. Be3 a6 10. Qd2 Rb8 11. Bh6 b5 12. Bxg7 Kxg7 13. b3 b4 14. Nd1 Be6 15. Ne3
Qd7 16. Nd5 Bh3 17. Nxe7 Nxe7 18. f4 Bxg2 19. Kxg2 f6 20. h3 Qc6 21. Rf2 f5 22.
Rh1 Rbe8 23. h4 fxe4 24. dxe4 exf4 25. Rxf4 Rxf4 1/2-1/2

[Event "LEM M-V 2022 Open"]
[Site "Neubrandenburg, Germany"]
[Date "2022.04.12"]
[Round "7.5"]
[White "Hopp, Peter"]
[Black "Subocz, Gabriel"]
[Result "1/2-1/2"]
[WhiteElo "1841"]
[BlackElo "1102"]
[PlyCount "91"]
[EventDate "2022.04.09"]

1. e4 c5 2. Nf3 d6 3. d4 cxd4 4. Nxd4 Nf6 5. Nc3 g6 6. Be2 Bg7 7. Be3 O-O 8. f3
Nc6 9. Qd2 Bd7 10. g4 Rc8 11. h4 h5 12. gxh5 Nxh5 13. Nxc6 Rxc6 14. Bd4 e5 15.
Be3 a6 16. Kf2 f5 17. Bg5 Qb6+ 18. Qe3 Qxe3+ 19. Kxe3 fxe4 20. fxe4 Be6 21.
Rad1 Bf6 22. Rhg1 Nf4 23. Rg3 Kh7 24. Rh1 Bxg5 25. Rxg5 Nh3 26. Rg3 Rfc8 27.
Kd2 Nf2 28. Rhg1 Rxc3 29. Rxc3 Nxe4+ 30. Kd3 Nxc3 31. bxc3 Bxa2 32. Bg4 e4+ 33.
Kxe4 Rxc3 34. h5 gxh5 35. Bxh5 Rxc2 36. Kd4 Rc4+ 37. Kd3 a5 38. Ra1 Ra4 39. Kc3
Rh4 40. Be8 Rh3+ 41. Kb2 Bd5 42. Rxa5 Bg2 43. Bd7 Re3 44. Bc8 Re5 45. Ra4 Rb5+
46. Ka3 1/2-1/2

[Event "LEM M-V 2022 Open"]
[Site "Neubrandenburg, Germany"]
[Date "2022.04.12"]
[Round "7.6"]
[White "Raitza, Egon"]
[Black "Ehrich, Dieter"]
[Result "1-0"]
[WhiteElo "1631"]
[BlackElo "1583"]
[PlyCount "89"]
[EventDate "2022.04.09"]

1. d4 Nf6 2. c4 g6 3. Nc3 d5 4. cxd5 Nxd5 5. Nxd5 Qxd5 6. Nf3 Bg7 7. e3 O-O 8.
Bd2 Bg4 9. Be2 Nd7 10. h3 Bf5 11. b3 c5 12. Bc4 Qe4 13. O-O cxd4 14. exd4 Qc2
15. Qxc2 Bxc2 16. Rfe1 e5 17. Rac1 Bf5 18. dxe5 Nb6 19. Be3 Nxc4 20. Rxc4 Be6
21. Rc7 Bd5 22. Bc5 Rfe8 23. Bd6 Rad8 24. Kf1 h6 25. Re7 Bxf3 26. Rxe8+ Rxe8
27. gxf3 Rc8 28. Re2 Rc6 29. Rd2 Rc1+ 30. Kg2 h5 31. f4 Bh6 32. Kf3 Rc3+ 33.
Ke4 Rxh3 34. Be7 Rc3 35. Rd8+ Kh7 36. Rd7 h4 37. Bxh4 Rc2 38. Rxf7+ Kg8 39.
Rxb7 Rxa2 40. Kf3 Ra6 41. Kg4 Ra2 42. f5 gxf5+ 43. Kxf5 Ra5 44. Bf6 Bd2 45. Kg6
1-0